[Event "RUS-ch U14 Girls"]
[Site "Dagomys"]
[Date "2009.04.21"]
[Round "7"]
[White "Tskhadadze, Anna"]
[Black "Usova, Ekaterina"]
[Result "1/2-1/2"]
[WhiteElo "1829"]
[BlackElo "1775"]
[PlyCount "94"]
[EventDate "2009.04.15"]
[EventType "swiss"]
[EventRounds "9"]
[EventCountry "RUS"]
[SourceTitle "EXT 2012"]
[Source "ChessBase"]
[SourceDate "2011.11.24"]
[SourceVersion "1"]
[SourceVersionDate "2011.11.24"]
[SourceQuality "1"]

1. d4 d5 2. c4 e6 3. Nf3 Nf6 4. Bg5 Nbd7 5. Nc3 c6 6. cxd5 exd5 7. e3 Bb4 8. Bd3 Qa5 9. Qc2 Bxc3+ 10. bxc3 0-0 11. 0-0 h6 12. Bf4 Re8 13. Nd2 Qd8 14. c4 Nf8 15. h3 dxc4 16. Nxc4 Nd5 17. Bg3 Nb4 18. Qc3 Nxd3 19. Qxd3 Qg5 20. Nd6 Rd8 21. Nxc8 Raxc8 22. Rab1 b6 23. Qe4 Qd5 24. Qc2 c5 25. dxc5 Rxc5 26. Qb2 Qd2 27. a3 Rc2 28. Qb5 Rdc8 29. Qa4 Qd7 30. Qe4 Ne6 31. Rfd1 Qc6 32. Qb4 Ng5 33. Qe7 Ne4 34. Rd7 Qg6 35. Bh4 R8c4 36. Qe8+ Kh7 37. Rbd1 Rc7 38. Rxc7 Rxc7 39. Rd4 Nf6 40. Qd8 Rc5 41. Bxf6 Qxf6 42. Qxf6 gxf6 43. Rd7 Ra5 44. Rd3 Kg6 45. Kf1 Rc5 46. Ke2 Rc2+ 47. Kf3 Rc4 1/2-1/2

[Event "RUS-ch U14 Girls"]
[Site "Dagomys"]
[Date "2009.04.20"]
[Round "6"]
[White "Usova, Ekaterina"]
[Black "Tomnikova, Lidia"]
[Result "0-1"]
[WhiteElo "1775"]
[BlackElo "1972"]
[PlyCount "92"]
[EventDate "2009.04.15"]
[EventType "swiss"]
[EventRounds "9"]
[EventCountry "RUS"]
[SourceTitle "EXT 2012"]
[Source "ChessBase"]
[SourceDate "2011.11.24"]
[SourceVersion "1"]
[SourceVersionDate "2011.11.24"]
[SourceQuality "1"]

1. d4 d5 2. c4 Nc6 3. Nf3 Bg4 4. e3 e5 5. dxe5 dxc4 6. Bd2 Nxe5 7. Qa4+ Bd7 8. Qc2 Nxf3+ 9. gxf3 Bc6 10. e4 Qf6 11. Qc3 Bc5 12. Qxf6 Nxf6 13. Bxc4 Nd7 14. Bc3 f6 15. Nd2 b5 16. b4 Bb6 17. Bb3 0-0-0 18. Ke2 Rhe8 19. Rhe1 Ne5 20. Bxe5 Rxe5 21. Rad1 Rd4 22. a3 a5 23. bxa5 Bxa5 24. Nb1 Rxd1 25. Rxd1 f5 26. Nd2 Bxd2 27. Rxd2 fxe4 28. f4 Rh5 29. Be6+ Kb7 30. h3 Rc5 31. Rb2 Rc3 32. Rb3 Rxb3 33. Bxb3 Kb6 34. Ke3 Kc5 35. h4 Bd5 36. Bc2 Kc4 37. Kd2 c5 38. Bd1 Kd4 39. Ke2 Kc3 40. Ke3 b4 41. axb4 cxb4 42. f5 Bb3 43. Bh5 Bc2 44. Bf7 Bd3 45. Ba2 Bc4 46. Bb1 Bd3 0-1

[Event "RUS-ch U14 Girls"]
[Site "Dagomys"]
[Date "2009.04.16"]
[Round "2"]
[White "Usova, Ekaterina"]
[Black "Sharapova, Anzama"]
[Result "0-1"]
[WhiteElo "1775"]
[BlackElo "1897"]
[PlyCount "100"]
[EventDate "2009.04.15"]
[EventType "swiss"]
[EventRounds "9"]
[EventCountry "RUS"]
[SourceTitle "CBM 130 Extra"]
[Source "ChessBase"]
[SourceDate "2009.07.02"]
[SourceVersion "2"]
[SourceVersionDate "2009.07.15"]
[SourceQuality "1"]

1. d4 Nf6 2. c4 c5 3. e3 g6 4. Nc3 Bg7 5. Nf3 0-0 6. Be2 cxd4 7. exd4 d5 8. Bf4 dxc4 9. Bxc4 Bg4 10. d5 Nbd7 11. h3 Bxf3 12. Qxf3 Rc8 13. Be2 Qb6 14. Rb1 Rxc3 15. Qxc3 Nxd5 16. Qf3 Nxf4 17. Qxf4 Bc3+ 18. Kf1 e5 19. Qf3 Bd4 20. g3 Rc8 21. Kg2 Rc6 22. Qd5 Rf6 23. Rhf1 Nf8 24. Qb5 Qc7 25. Rbc1 Qe7 26. b3 Kg7 27. Rc8 b6 28. Qc4 Qb7+ 29. Kg1 Ne6 30. Qc6 Qxc6 31. Rxc6 Nf4 32. Rc2 Nxh3+ 33. Kg2 Nxf2 34. Rc7 a5 35. Bc4 e4 36. Rd7 Bc5 37. Rc7 e3 38. Rd7 h6 39. Rb7 g5 40. Rd7 Kg6 41. Rc7 h5 42. Rc8 Kg7 43. Rc7 h4 44. gxh4 gxh4 45. Rg1 h3+ 46. Kf1+ Kf8 47. Rc8+ Ke7 48. Rh8 h2 49. Rxh2 Ng4+ 50. Kg2 Rf2+ 0-1